00715 2200253 4500001002100000005001700021008004100038020001800079035002400097090001600121245009700137250001100234260004000245300003000285500001200315650002200327700002100349700002500370850001500395980001900410985000600429999001300435999001300448YOGYA-0209000000745120090227021025.0 ind  a979-209-100-7 0010-020900000007451 a352bProlR aPROFIL Daerah Kabupaten dan KotacPenanggung Jawab Daniel Dhakidal,Editor F Harianto Santoso aCet. 1 aJakartabPenerbit Buku Kompasc2003 axvi,682 hlmbilusc682 cm aJilid 3 aPemerintah Daerah aDHAKIDAE, Daniel aSANTOSO, F. Hartanto aYOPDYOG(B) a1 Oktober 2004 a3 a04P02430 a04P02432